Southville International School and Colleges
Your cart is empty.
  • Cart
  • Lists
    Public lists Eva Luna New books Lux_list list_1
    Your lists Log in to create your own lists
  • Log in to your account
  • Your cookies
  • Search history
Southville International School and Colleges
  • Advanced search
  • Recent comments
  • Most popular
  • Libraries

Log in to your account

Log in with GOOGLE


If you do not have an external account, but do have a local account, you can still log in:

  1. Home
  2. MARC view: Medical nutrition therapy :
Normal view MARC view ISBD view

Medical nutrition therapy : (Record no. 293109)

[ view plain ]
MARC details
000 -LEADER
fixed length control field 00808nam a2200265Ia 4500
008 - FIXED-LENGTH DATA ELEMENTS--GENERAL INFORMATION
fixed length control field 160404s9999 xx 000 0 und d
020 ## - INTERNATIONAL STANDARD BOOK NUMBER
International Standard Book Number 971-30-1240-2
050 ## - LIBRARY OF CONGRESS CALL NUMBER
Classification number FIL RM 216
050 ## - LIBRARY OF CONGRESS CALL NUMBER
Item number .R85 2004 c.2
100 ## - MAIN ENTRY--PERSONAL NAME
Personal name Ruiz, Adela Jamorabo -
245 ## - TITLE STATEMENT
Title Medical nutrition therapy :
245 ## - TITLE STATEMENT
Remainder of title for Filipinos /
245 ## - TITLE STATEMENT
Statement of responsibility, etc Adela Jamorabo - Ruiz, Virginia S. Claudio, Esperanza E. de Castro.
260 ## - PUBLICATION, DISTRIBUTION, ETC. (IMPRINT)
Place of publication, distribution, etc Manila :
260 ## - PUBLICATION, DISTRIBUTION, ETC. (IMPRINT)
Name of publisher, distributor, etc Merriam and Webster Bookstore, Inc.,
260 ## - PUBLICATION, DISTRIBUTION, ETC. (IMPRINT)
Date of publication, distribution, etc 2004
300 ## - PHYSICAL DESCRIPTION
Extent A-52 pages :
300 ## - PHYSICAL DESCRIPTION
Other physical details illustrations ;
300 ## - PHYSICAL DESCRIPTION
Dimensions 25 cm.
500 ## - GENERAL NOTE
General note Includes index.
650 ## - SUBJECT ADDED ENTRY--TOPICAL TERM
Topical term or geographic name as entry element Diet theraphy -- Study and teaching (Higher).
650 ## - SUBJECT ADDED ENTRY--TOPICAL TERM
Topical term or geographic name as entry element Diet therapy.
650 ## - SUBJECT ADDED ENTRY--TOPICAL TERM
General subdivision Diet theraphy -- Philippines -- Textbooks.
650 ## - SUBJECT ADDED ENTRY--TOPICAL TERM
General subdivision Food -- Analysis -- Tables.
Holdings
Withdrawn status Lost status Damaged status Home library Current library Shelving location Date acquired Total Checkouts Full call number Barcode Date last seen Price effective from Koha item type
      South Mansfield College South Mansfield College Filipiniana Section 03/07/2005   FIL RM 216 .R85 2004 c.2 SMC01554 04/04/2016 04/04/2016  

Medical nutrition therapy :

APA

Ruiz A. J. ., .Medical nutrition therapy. Manila: .

Chicago

Ruiz Adela Jamorabo, .Medical nutrition therapy. Manila: .

Harvard

Ruiz A. J. ., .Medical nutrition therapy. Manila: .

MLA

Ruiz Adela Jamorabo, .Manila: . .

  • Place hold
  • Print
  • Cite
  • Add to your cart (remove)
  • Save record
    BIBTEX Dublin Core MARCXML MARC (non-Unicode/MARC-8) MARC (Unicode/UTF-8) MARC (Unicode/UTF-8, Standard) MODS (XML) RIS
  • More searches
    Search for this title in:
    Other Libraries (WorldCat) Other Databases (Google Scholar) Online Stores (Bookfinder.com) Open Library (openlibrary.org)

Exporting to Dublin Core...

SOUTHVILLE LIBRARY

Southville International School and Colleges Library

1281 Tropical Ave. Cor. Luxembourg St., BF Homes International, Las Pinas City

Tel. No. 8256374 / 252358 Loc. 117/146

Powered by Koha